Cezhraničná spolupráca a zahraničná partnerská spolupráca

Bibliographic Details
Main Author: Slavík, Vladimír, 1953- (Author, Photographer, Bookjacket designer)
Other Authors: Bačík, Vladimír (Bookjacket designer)
Format: Book
Language:Slovak
PhysicalDescription:224 strán fotografie, grafy, ilustrácie, mapy, schémy, tabuľky 26 cm
Published: V Bratislave Univerzita Komenského v Bratislave 2023
ISBN:9788022357685
9788022357692
Edition:Prvé vydanie
Subjects:

MARC

LEADER 00000cam a2200000 4500
001 vtls012254307
003 SK-MaSNL
005 20260426004737.0
008 240409s2023 xo odabfrnp 000 0dslo
015 |a SNBA2024/07 
020 |a 9788022357685  |q (brožované) 
020 |a 9788022357692  |q (online) 
040 |a SNK  |b slo  |c SNK  |e rda 
041 0 |a slo 
043 |a e------  |a e-xo--- 
044 |a xo  |c SK 
072 7 |a 316.4  |x Sociálne procesy  |2 konspekt 
072 7 |a 37.016  |x Učebné osnovy. Vyučovacie predmety. Učebnice  |2 konspekt 
080 |a 316.4.063.3  |2 2011 
080 |a 913(1-192)  |2 2011 
080 |a (075.8)  |2 2011 
080 |a 316.4.063.34  |2 2011 
080 |a (4)  |2 2011 
080 |a (437.6)  |2 2011 
080 |a 332.135(4)  |2 2011 
080 |a 332.133.44  |2 2011 
100 1 |a Slavík, Vladimír,  |d 1953-  |4 aut  |4 pht  |4 bjd  |9 528994 
245 1 0 |a Cezhraničná spolupráca a zahraničná partnerská spolupráca  |c Vladimír Slavík 
250 |a Prvé vydanie 
264 1 |a V Bratislave  |b Univerzita Komenského v Bratislave  |c 2023 
300 |a 224 strán  |b fotografie, grafy, ilustrácie, mapy, schémy, tabuľky  |c 26 cm 
336 |a text  |b txt  |2 rdacontent 
337 |a bez média  |b n  |2 rdamedia 
338 |a zväzok  |b nc  |2 rdacarrier 
500 |a Obsahuje zoznam tabuliek, grafov, máp, schém a obrázkov 
500 |a Obsahuje profesijné údaje o autorovi na zadnej strane obálky publikácie 
504 |a Obsahuje bibliografiu na strane 196-224 
650 0 7 |a cezhraničná spolupráca  |2 SNKPH  |9 4908 
650 0 7 |a medzinárodná spolupráca  |2 SNKPH  |9 4911 
650 0 7 |a pohraničie  |2 SNKPH  |9 66671 
650 0 7 |a prihraničné regióny  |2 SNKPH  |9 106617 
650 0 7 |a Transborder cooperation  |2 SNKPHeng  |9 312688 
650 0 7 |a Border region  |2 SNKPHeng  |9 302498 
650 0 7 |a International cooperation  |2 SNKPHeng  |9 267173 
650 0 7 |a euroregióny  |2 SNKPH  |9 2147 
650 0 7 |a Euroregions  |2 SNKPHeng  |9 275457 
650 0 7 |a regionálna spolupráca  |2 SNKPH  |9 68334 
650 0 7 |a Regional cooperation  |2 SNKPHeng  |9 327044 
651 7 |a Európa  |2 SNKPHgeo  |9 167569 
651 7 |a Slovensko  |2 SNKPHgeo  |9 14231 
651 7 |a Europe  |2 SNKPHeng  |9 56249 
651 7 |a Slovakia  |2 SNKPHeng  |9 92630 
655 7 |a učebnice vysokých škôl  |2 SNKPH  |9 70191 
655 7 |a Textbooks (higher)  |2 SNKPHeng  |9 276436 
700 1 |a Bačík, Vladimír  |4 bjd  |9 548787 
710 2 |a Univerzita Komenského v Bratislave.  |b Prírodovedecká fakulta  |4 pbl 
752 |a Slovensko  |d Bratislava 
852 |a Slovenská národná knižnica 
919 |a 978-80-223-5768-5 
919 |a 978-80-223-5769-2 
954 |a odborná, vedecká literatúra pôvodná (slovenská)  |2 lita 
958 |a NB 
999 |c 988770  |d 990700 
952 |a SNK  |b SNK  |y PREZ  |7 0  |p 17A1550062  |o snkSB 100449  |i snk2024/8670  |8 0  |0 0  |1 0  |4 0  |d 2024-05-31  |f 1  |l 0  |r 2025-05-19 00:00:00  |w 2026-02-24